| 000 | 00835cab a2200265 4500 | ||
|---|---|---|---|
| 001 | WB3422-04 | ||
| 008 | 090401t1998 xxu||||| |||| 00| 0 eng d | ||
| 035 | _a(Sirsi) u86769 | ||
| 041 | _aeng | ||
| 245 | _aPundits doubt government statistics | ||
| 260 | _c1998 | ||
| 350 | _a0 | ||
| 490 |
_aConstruction News _v(6569) 11 June 1998, 3(1) |
||
| 520 | _aGovernment figures showing that construction is still booming are being questioned by leading industry economists. | ||
| 650 | _aCONSTRUCTION CONFEDERATION | ||
| 650 | _aCONSTRUCTION FORECASTING AND RESEARCH | ||
| 650 | _aCONSTRUCTION OUTPUT | ||
| 650 | _aDETR | ||
| 650 | _aNATIONAL COUNCIL OF BUILDING MATERIALS PRODUCERS | ||
| 650 | _aOFFICE OF NATIONAL STATISTICS | ||
| 650 | _aSTATISTICS | ||
| 690 | _aBUILT ENVIRONMENT | ||
| 942 | _n0 | ||
| 948 | _c11/06/1998 | ||
| 999 |
_c54642 _d54642 |
||